Normal view MARC view
  • RADAR, ADAPTIVE SIGNAL PROCESSING ADAPTIVE ANTENNAS

Entry Topical Term

Number of records used in: 1

001 - CONTROL NUMBER

  • control field: 61406

003 - CONTROL NUMBER IDENTIFIER

  • control field: NUST

005 - DATE AND TIME OF LATEST TRANSACTION

  • control field: 20210628202739.0

008 - FIXED-LENGTH DATA ELEMENTS

  • fixed length control field: 210628|| aca||aabn | a|a d

040 ## - CATALOGING SOURCE

  • Original cataloging agency: NUST
  • Transcribing agency: NUST

150 ## - HEADING--TOPICAL TERM

  • Topical term or geographic name entry element: RADAR, ADAPTIVE SIGNAL PROCESSING ADAPTIVE ANTENNAS

670 ## - SOURCE DATA FOUND

  • Source citation: Work cat.: (NUST): Haykin, Simon Steinhardt, Allan 61405, Adaptive radar detection and estimation, 1992
© 2023 Central Library, National University of Sciences and Technology. All Rights Reserved.